Islands of Jamaica - Statistics

General Stats
  • This quiz has been taken 2 times
  • The average score is 3 of 10
Answer Stats
Island % Correct
Jamaica
100%
Great Goat
50%
Little Goat
50%
Navy
50%
Baja Nuevo
0%
Lime
0%
Morant
0%
Pedro
0%
Port Royals
0%
Sandals Royal Caribbean Resort
0%
No matching quizzes found
Score Distribution
Percent of People with Each Score
Percentile by Number Answered
Your Score History
You have not taken this quiz